00519nam a22001817a 4500020001800000082001600018100001900034245003600053250001200089260003200101300001000133650002200143650002500165650001500190942000700205999001900212952010600231 a9789364876476 aM301bKAV/O aKavya Ayyappan aOravakkuthy/cby Kavya Ayyappan a3rd ed. aKottayam:bDC books,c2025. a125p. aStories Malayalam aLiterature Malayalam aLiterature cBK c181891d181891 00104070aSSUSbSSUScSTACKSd2026-06-01g170.00l0oM301 KAV/Op108924r2026-06-01w2026-06-01yBK